[Event "25th Hoogeveen op"]
[Site "Hoogeveen NED"]
[Date "2022.10.22"]
[Round "9.29"]
[White "Koes, Richard"]
[Black "Wage, Sander"]
[Result "1/2-1/2"]
[WhiteElo "1755"]
[BlackElo "1863"]
[EventDate "2022.10.15"]
[PlyCount "52"]

1.e4 c5 2.b4 cxb4 3.d4 d5 4.exd5 Qxd5 5.c4 bxc3 6.Nxc3 Qa5 7.Bd2 e6 8.Bc4 
Bb4 9.Nge2 Nf6 10.a3 Bxc3 11.Nxc3 O-O 12.Ne4 Qd8 13.Nxf6+ Qxf6 14.Be3 Nc6 
15.O-O Rd8 16.Qh5 h6 17.Rad1 b6 18.d5 Na5 19.Ba2 exd5 20.Bxd5 Bb7 21.Ba2 
Ba6 22.Rfe1 Bc4 23.Bb1 Bb3 24.Rxd8+ Rxd8 25.Qb5 Bc4 26.Qa4 g5 1/2-1/2

[Event "25th Hoogeveen op"]
[Site "Hoogeveen NED"]
[Date "2022.10.22"]
[Round "9.30"]
[White "Snuverink, Marc"]
[Black "Van Foreest, Nanne"]
[Result "0-1"]
[WhiteElo "1776"]
[BlackElo "1856"]
[EventDate "2022.10.15"]
[PlyCount "126"]

1.e4 e5 2.Nf3 Nc6 3.Bc4 Nf6 4.d3 Bc5 5.O-O d6 6.Be3 Bb6 7.Bxb6 axb6 8.c3 
O-O 9.Nbd2 Ne7 10.d4 Ng6 11.Re1 Bg4 12.h3 Bd7 13.Qb3 Ba4 14.Qa3 Bc2 15.Qb4
c5 16.Bxf7+ Rxf7 17.Qc4 h6 18.d5 Nf4 19.g3 Bd3 20.Qb3 c4 21.Nxc4 Bxc4 22.
Qxc4 Nxh3+ 23.Kg2 Ng5 24.Nxg5 hxg5 25.Qe2 Qd7 26.Rh1 Ng4 27.f3 Nh6 28.Rh5 
g4 29.f4 exf4 30.gxf4 Rxf4 31.Rah1 Raf8 32.R1h4 Rf2+ 33.Qxf2 Rxf2+ 34.Kxf2
Qf7+ 35.Ke3 Qf3+ 36.Kd4 Qf2+ 37.Kc4 g3 38.Rg5 Qe2+ 39.Kb3 g2 40.Rxh6 Qd1+ 
41.Kc4 Qf1+ 42.Kb4 g1=R 43.Rxg1 Qxg1 44.Re6 g5 45.Kb5 Qc5+ 46.Ka4 b5+ 47.
Ka5 b4+ 48.Ka4 bxc3 49.bxc3 Qc4+ 50.Ka5 Qxc3+ 51.Kb6 Qc5+ 52.Kxb7 Kf7 53.
a4 g4 54.a5 Qxa5 55.Kc6 Qc5+ 56.Kd7 g3 57.Rxd6 Qxd6+ 58.Kxd6 g2 59.e5 g1=Q
60.e6+ Ke8 61.Kc6 Qc1+ 62.Kd6 Qa3+ 63.Kc6 Ke7 0-1

[Event "25th Hoogeveen op"]
[Site "Hoogeveen NED"]
[Date "2022.10.22"]
[Round "9.31"]
[White "Aravindhan, Achyuth"]
[Black "Storkebaum, Ulrike"]
[Result "1-0"]
[WhiteElo "1907"]
[BlackElo "1768"]
[EventDate "2022.10.15"]
[PlyCount "55"]

1.e4 e5 2.Nf3 Nc6 3.Bc4 Nf6 4.d4 exd4 5.e5 d5 6.Bb5 Ne4 7.Nxd4 Bd7 8.Bxc6 
bxc6 9.O-O Bc5 10.f3 Ng5 11.f4 Ne4 12.Be3 Bb6 13.Nd2 Nxd2 14.Qxd2 O-O 15.
Nb3 Qe7 16.Rae1 a5 17.f5 a4 18.f6 Qe6 19.h3 axb3 20.Bxb6 Kh8 21.fxg7+ Kxg7
22.Rf6 bxa2 23.Rxe6 a1=Q 24.Rh6 Qxe1+ 25.Qxe1 Kxh6 26.Qh4+ Kg7 27.Qf6+ Kg8
28.Be3 1-0

[Event "25th Hoogeveen op"]
[Site "Hoogeveen NED"]
[Date "2022.10.22"]
[Round "9.33"]
[White "Spaans, Leo"]
[Black "Mader, Fabian"]
[Result "0-1"]
[WhiteElo "1791"]
[BlackElo "1735"]
[EventDate "2022.10.15"]
[PlyCount "62"]

1.e4 c5 2.Nf3 Nc6 3.d4 cxd4 4.Nxd4 Nf6 5.Nc3 e5 6.Ndb5 d6 7.Bg5 a6 8.Na3 
b5 9.Nd5 Be7 10.Bxf6 Bxf6 11.c3 Bg5 12.Nc2 Rb8 13.a4 bxa4 14.Ncb4 Nxb4 15.
Nxb4 Bd7 16.Qxd6 Rb6 17.Qxe5+ Re6 18.Qd5 O-O 19.Bxa6 Qe7 20.O-O Rxe4 21.
Rad1 Rd8 22.Nc6 Bxc6 23.Qxc6 Rxd1 24.Rxd1 g6 25.g3 h5 26.Bc4 Kg7 27.Rd7 
Rxc4 28.Qxc4 Qxd7 29.b4 Bf6 30.b5 Qd1+ 31.Kg2 Qb3 0-1

[Event "25th Hoogeveen op"]
[Site "Hoogeveen NED"]
[Date "2022.10.22"]
[Round "9.34"]
[White "Van der Vegt, Seth"]
[Black "Abma, Klaas"]
[Result "1-0"]
[WhiteElo "1900"]
[BlackElo "1835"]
[EventDate "2022.10.15"]
[PlyCount "71"]

1.c4 f5 2.g3 Nf6 3.Bg2 d6 4.Qb3 c6 5.d4 e5 6.d5 cxd5 7.cxd5 Be7 8.Nf3 O-O 
9.O-O Nbd7 10.a4 Nc5 11.Qc4 Bd7 12.a5 Kh8 13.Rd1 Rc8 14.b4 Na6 15.Qb3 Qc7 
16.Be3 Qc4 17.Qxc4 Rxc4 18.Bxa7 Nxb4 19.Na3 Rc3 20.Nxe5 dxe5 21.d6 Bd8 22.
Bxb7 Ba4 23.Nb1 Rxg3+ 24.hxg3 Bxd1 25.Nc3 Bc2 26.Bc5 Rf7 27.a6 Nxa6 28.
Bxa6 Nd7 29.Bc4 Rf8 30.Bb4 Nb6 31.Bb5 f4 32.Bc5 h5 33.Ra6 Nc8 34.Ra8 Bf5 
35.d7 fxg3 36.Bxf8 1-0

[Event "25th Hoogeveen op"]
[Site "Hoogeveen NED"]
[Date "2022.10.22"]
[Round "9.36"]
[White "Land, Marc"]
[Black "Winkel, Ruud"]
[Result "0-1"]
[WhiteElo "1826"]
[BlackElo "1663"]
[EventDate "2022.10.15"]
[PlyCount "98"]

1.e4 d5 2.exd5 Nf6 3.Nf3 Bg4 4.Be2 Qxd5 5.Nc3 Qf5 6.d3 Nc6 7.h3 Bxf3 8.
Bxf3 Qd7 9.Be3 e6 10.Qd2 Bb4 11.a3 Ba5 12.b4 Bb6 13.O-O O-O 14.Rab1 Nd5 
15.Nxd5 exd5 16.d4 Ne7 17.Rfe1 c6 18.Bg5 Ng6 19.Bg4 f5 20.Bh5 Rae8 21.c3 
Bd8 22.Bxd8 Qxd8 23.Bxg6 hxg6 24.Re5 Rxe5 25.dxe5 Qe7 26.Re1 Qe6 27.Qd4 b6
28.f4 Rc8 29.Kf2 c5 30.Qd3 cxb4 31.axb4 Qc6 32.Rc1 b5 33.h4 Qb6+ 34.Qe3 d4
35.Qd3 Rxc3 36.Rxc3 dxc3+ 37.Ke1 Qg1+ 38.Ke2 Qxg2+ 39.Kd1 Qg4+ 40.Kc2 Qxf4
41.Qd5+ Kh7 42.Kxc3 Qe3+ 43.Kc2 Qe2+ 44.Kc3 f4 45.h5 Qc4+ 46.Qxc4 bxc4 47.
Kxc4 gxh5 48.Kd4 Kg6 49.Ke4 f3 0-1

[Event "25th Hoogeveen op"]
[Site "Hoogeveen NED"]
[Date "2022.10.22"]
[Round "9.37"]
[White "Borggreve, Martin"]
[Black "Selten, Ton"]
[Result "0-1"]
[WhiteElo "1534"]
[BlackElo "1809"]
[EventDate "2022.10.15"]
[PlyCount "62"]

1.f4 Nf6 2.Nf3 g6 3.g3 Bg7 4.Bg2 O-O 5.O-O d5 6.c3 c5 7.d3 Nc6 8.Be3 d4 9.
cxd4 cxd4 10.Bf2 Ng4 11.Nbd2 e5 12.Nxe5 Ncxe5 13.fxe5 Nxf2 14.Rxf2 Bxe5 
15.Rc1 Qe7 16.Qb3 Bg7 17.Rc2 Rb8 18.Nc4 Bh6 19.Kh1 Be6 20.Qb5 Rfc8 21.e4 
dxe3 22.Rfe2 Bf5 23.Ne5 Bg7 24.g4 Rxc2 25.Rxc2 Rc8 26.Rxc8+ Bxc8 27.d4 
Bxg4 28.Qa5 e2 29.Qe1 Bxe5 30.dxe5 Qxe5 31.Kg1 Qd4+ 0-1

[Event "25th Hoogeveen op"]
[Site "Hoogeveen NED"]
[Date "2022.10.22"]
[Round "9.38"]
[White "Bellamy, Linda"]
[Black "Uneken, Bert"]
[Result "0-1"]
[WhiteElo "1401"]
[BlackElo "1803"]
[EventDate "2022.10.15"]
[PlyCount "86"]

1.e4 c6 2.d4 d5 3.Nc3 dxe4 4.Nxe4 Bf5 5.Ng3 Bg6 6.h4 h6 7.Nf3 Nd7 8.Bd3 
Bxd3 9.Qxd3 e6 10.Be3 Ngf6 11.O-O-O Nd5 12.Bd2 Bd6 13.Ne4 Bc7 14.c4 Nf4 
15.Qf1 Nf6 16.Nc3 O-O 17.g3 Ng6 18.h5 Ne7 19.Qh3 b5 20.cxb5 cxb5 21.g4 b4 
22.Na4 Ne4 23.Qg2 Qd5 24.Kb1 Ba5 25.b3 Rac8 26.Nh4 Rc6 27.f3 Nc3+ 28.Bxc3 
bxc3 29.Kc2 Qb5 30.Rhe1 Nd5 31.a3 Bd8 32.Qf2 Be7 33.Nc5 Rxc5 34.dxc5 Bxc5 
35.Qe2 Ne3+ 36.Kxc3 Nxd1+ 37.Qxd1 Bf2 38.Re4 Bxh4 39.Rc4 Bf6+ 40.Kc2 Qe5 
41.Qb1 Qe2+ 42.Kc1 Rd8 43.Qc2 Qe1+ 0-1

[Event "25th Hoogeveen op"]
[Site "Hoogeveen NED"]
[Date "2022.10.22"]
[Round "9.39"]
[White "Kompaan, Rick"]
[Black "Van de Mheen, Steven"]
[Result "0-1"]
[WhiteElo "1785"]
[BlackElo "1473"]
[EventDate "2022.10.15"]
[PlyCount "70"]

1.d4 d5 2.c4 c6 3.Nf3 Bf5 4.Nc3 e6 5.Qb3 Qb6 6.c5 Qxb3 7.axb3 h6 8.b4 Be7 
9.Bf4 a6 10.b5 Nd7 11.b4 Ngf6 12.bxc6 bxc6 13.b5 cxb5 14.Nxb5 O-O 15.Nc7 
Ra7 16.Rxa6 Rxa6 17.Nxa6 Ra8 18.e3 Ne4 19.c6 Nb6 20.c7 g5 21.Bg3 f6 22.Ng1
Kf7 23.f3 Nd6 24.Bxd6 Bxd6 25.Bb5 Ra7 26.Ne2 Bxc7 27.O-O Bd6 28.Rc1 Nc4 
29.Kf2 Ba3 30.Ra1 Bb2 31.Rh1 Nd6 32.e4 dxe4 33.fxe4 Bxe4 34.Ng3 Bxd4+ 35.
Ke2 Bxg2 0-1

[Event "25th Hoogeveen op"]
[Site "Hoogeveen NED"]
[Date "2022.10.22"]
[Round "9.40"]
[White "Kazarjan, Gachatur"]
[Black "Van den Dool, Gerrit"]
[Result "1-0"]
[WhiteElo "1746"]
[BlackElo "1570"]
[EventDate "2022.10.15"]
[PlyCount "79"]

1.e4 c6 2.Nf3 Nf6 3.e5 Nd5 4.c4 Nc7 5.d4 d6 6.exd6 exd6 7.Bd3 Be7 8.O-O 
O-O 9.b3 Bg4 10.Nbd2 Ne6 11.Bb2 Nf4 12.Qc2 Nxd3 13.Qxd3 Nd7 14.Rfe1 Re8 
15.Re3 Bf6 16.Rae1 Rxe3 17.fxe3 Nf8 18.Rf1 d5 19.e4 Bg5 20.exd5 Bxf3 21.
Nxf3 Bf6 22.dxc6 bxc6 23.Ba1 Qb6 24.Kh1 Rd8 25.Qf5 Qb7 26.Ne5 Rd6 27.Bb2 
Re6 28.Ng4 Qe7 29.d5 Bxb2 30.dxe6 Nxe6 31.Ne5 Nd8 32.Nd3 Bf6 33.Re1 Ne6 
34.Nf4 Qb4 35.Rd1 h6 36.Nxe6 fxe6 37.Qxe6+ Kh7 38.Qxc6 Qe7 39.Qd7 Qe2 40.
Qd3+ 1-0

[Event "25th Hoogeveen op"]
[Site "Hoogeveen NED"]
[Date "2022.10.22"]
[Round "9.41"]
[White "Tawfiq, Abdul Karim"]
[Black "Van Heeren, Arie"]
[Result "1-0"]
[WhiteElo "1777"]
[BlackElo "1755"]
[EventDate "2022.10.15"]
[PlyCount "71"]

1.e4 e5 2.Nf3 Nc6 3.Bb5 a6 4.Ba4 Nf6 5.d3 b5 6.Bb3 Be7 7.O-O d6 8.Nc3 Na5 
9.Bd2 Nxb3 10.axb3 O-O 11.Nxb5 Bd7 12.Nc3 Bg4 13.h3 Bh5 14.Bg5 c6 15.Ra4 
Qd7 16.Bxf6 Bxf6 17.Nxe5 Bxe5 18.Qxh5 Qe6 19.f4 Bf6 20.Rfa1 Qc8 21.d4 Bd8 
22.e5 dxe5 23.dxe5 f6 24.Re4 fxe5 25.fxe5 Qe6 26.Qe2 Bb6+ 27.Kh1 Qc8 28.
Rf1 Rxf1+ 29.Qxf1 Qb7 30.Rf4 c5 31.Qc4+ Kh8 32.Rf7 Qc6 33.e6 Qd6 34.Qg4 
Qe5 35.Qe4 Qg5 36.Nd5 1-0

[Event "25th Hoogeveen op"]
[Site "Hoogeveen NED"]
[Date "2022.10.22"]
[Round "9.42"]
[White "Rellum, Theo"]
[Black "Dokter, Lars"]
[Result "1-0"]
[WhiteElo "1456"]
[BlackElo "1150"]
[EventDate "2022.10.15"]
[PlyCount "46"]

1.f4 d6 2.Nf3 Nc6 3.d4 Nf6 4.Nc3 Bf5 5.e3 e6 6.Bd3 Bxd3 7.Qxd3 Qd7 8.O-O 
Nb4 9.Qe2 c5 10.dxc5 Nfd5 11.Nxd5 Nxd5 12.e4 Nc7 13.cxd6 Bxd6 14.Be3 f6 
15.Rad1 Qe7 16.e5 Bc5 17.Kh1 Bxe3 18.Qxe3 Nd5 19.Qe4 f5 20.Qa4+ Qd7 21.
Qxd7+ Kxd7 22.c4 Rhd8 23.cxd5 Ke7 1-0